00425nam a2200157Ia 4500003000400000008004100004040001600045082001300061100001800074245006100092260004200153300001000195490002500205650001500230650002200245GCL140319s9999 xx 000 0 eng d aGCL / cGCL04a843bJ F1 aJOUBERT, JEAN10aFABLIAUX ET CONTES MORAUX ET MOYEN AGE / cJOUBERT, JEAN a[S.N] : bLE LIVRE DE POCHE ، c1987 a224 P aLE LIVRE DE POCHEv004aLITERATURE04aFRENCH LITERATURE